[Event "Sandefjord CC-ch"]
[Site "Sandefjord"]
[Date "2003.03.17"]
[Round "8"]
[White "Olsen, Edgar"]
[Black "Kristoffersen, Jan Oistein"]
[Result "1-0"]
[WhiteElo "1365"]
[BlackElo "1269"]
[PlyCount "73"]
[EventDate "2003.01.??"]
[EventType "swiss"]
[EventRounds "8"]
[EventCountry "NOR"]
[SourceTitle "EXT 2005"]
[Source "ChessBase"]
[SourceDate "2004.11.15"]
[SourceVersion "1"]
[SourceVersionDate "2004.11.15"]
[SourceQuality "1"]

1. e4 e5 2. f4 d5 3. exd5 e4 4. Nc3 Nf6 5. d3 Bb4 6. Bd2 e3 7. Bxe3 Nxd5 8. Bd2 0-0 9. Qf3 Bxc3 10. Bxc3 Re8+ 11. Be2 Ne3 12. Qg3 f6 13. Kd2 Nc6 14. Re1 Nd5 15. Nh3 Be6 16. Bh5 Re7 17. Bg4 f5 18. Ng5 Nxc3 19. bxc3 Qd5 20. Rxe6 Rxe6 21. Nxe6 Qxe6 22. Re1 Qf7 23. Bf3 Re8 24. Bd5 Qxd5 25. Rxe8+ Kf7 26. Qe3 Qxg2+ 27. Qe2 Qd5 28. a3 g6 29. Rh8 Kg7 30. Qe8 Qg2+ 31. Kc1 Qg1+ 32. Kb2 Qc5 33. h4 Kh6 34. Qg8 Qe7 35. h5 gxh5 36. Rxh7+ Qxh7 37. Qg5# 1-0

[Event "Sandefjord CC-ch"]
[Site "Sandefjord"]
[Date "2003.01.27"]
[Round "3"]
[White "Kristoffersen, Jan Oistein"]
[Black "Olsen, Edgar"]
[Result "1-0"]
[WhiteElo "1269"]
[BlackElo "1365"]
[PlyCount "65"]
[EventDate "2003.01.??"]
[EventType "swiss"]
[EventRounds "8"]
[EventCountry "NOR"]
[SourceTitle "EXT 2005"]
[Source "ChessBase"]
[SourceDate "2004.11.15"]
[SourceVersion "1"]
[SourceVersionDate "2004.11.15"]
[SourceQuality "1"]

1. e4 e5 2. Nf3 Nc6 3. Bb5 a6 4. Ba4 b5 5. Bb3 d6 6. c3 Bg4 7. 0-0 Nf6 8. Re1 Be7 9. d4 0-0 10. Qd3 Na5 11. Bc2 Nd7 12. Nbd2 f5 13. dxe5 Nxe5 14. Qd5+ Kh8 15. Nxe5 dxe5 16. Qxe5 Bd6 17. Qd4 Qh4 18. Nf1 Rad8 19. Qe3 f4 20. Qd4 f3 21. e5 fxg2 22. Ng3 Nc6 23. Qe4 Nxe5 24. Bd1 Nf3+ 25. Bxf3 Bxg3 26. fxg3 Qf6 27. Bxg2 Qf2+ 28. Kh1 Rd1 29. Bf4 Rxe1+ 30. Rxe1 h6 31. h3 Bd7 32. Rf1 Re8 33. Qxe8+ 1-0